00563nam a22001697a 450000500170000001000150001702000250003203500140005703700130007108200140008410000220009824501290012026000370024927000610028630000210034770000250036820220802161040.0 aENG-134168 c50.00a9789389195460 aEN-117700 bDBAD/PUB a894.81409 aPatil,Raghavendra aAnandakanda (Betageri Krishna Sharma):cby Raghavendra Patil;translated by Shashidhar G.Vaidyabmakers of indian literature/ bSahitya Akademic2019aNew Delhi aRabindra Bhawan,35,Phirozesshah Road,bNew Delhie110001 a155p.c22cm(pbk) aVaidya,Shashidhar G.